00321nam a2200121Ia 4500008004100000041000800041082001200049100002400061245004500085260002700130300003000157365001200187240624s9999 xx 000 0 und d aeng a657 NOB aNOBES CHRISTOPHER W aCURRENT DEBATES IN INTERNATIONAL ACCOUNT c2010aUKbEdward Elgar axv, : 208 : p. : cm. ; 24 cGBPb25